Normal view
MARC view
Entry Personal Name
001 - CONTROL NUMBER
- control field: 3260
003 - CONTROL NUMBER IDENTIFIER
- control field: OSt
005 - DATE AND TIME OF LATEST TRANSACTION
- control field: 20220106142233.0
008 - FIXED-LENGTH DATA ELEMENTS
- fixed length control field: 220106|| aca||aabn | a|a d
040 ## - CATALOGING SOURCE
- Original cataloging agency: OSt
- Transcribing agency: OSt
100 ## - HEADING--PERSONAL NAME
- Personal name: Lawson, John Erjavee, J.N
670 ## - SOURCE DATA FOUND
- Source citation: Work cat.: (OSt): Lawson, John Erjavee, J.N , Modern statistics for engineering quality improvement